What a good kitty / (Record no. 211)

MARC details
000 -LEADER
fixed length control field 01410nam a22003857a 4500
001 - CONTROL NUMBER
control field 211
003 - CONTROL NUMBER IDENTIFIER
control field FISKH
005 - DATE AND TIME OF LATEST TRANSACTION
control field 20250331100102.0
008 - FIXED-LENGTH DATA ELEMENTS--GENERAL INFORMATION
fixed length control field 230306b cb ||||| |||| 00| 0 eng d
040 ## - CATALOGING SOURCE
Original cataloging agency BTCTA
Language of cataloging eng
Transcribing agency BTCTA
Modifying agency BDX
-- BKX
-- ZS3
-- IEP
-- BUL
-- YDXCP
-- OCLCA
-- DLC
-- FISKH
050 00 - LIBRARY OF CONGRESS CALL NUMBER
Classification number PZ7.M462
Item number Wg 2012
082 04 - DEWEY DECIMAL CLASSIFICATION NUMBER
Classification number 418
Edition number 23
100 1# - MAIN ENTRY--PERSONAL NAME
Personal name Mayer, Mercer,
Dates associated with a name 1943-
245 10 - TITLE STATEMENT
Title What a good kitty /
Statement of responsibility, etc. by Mercer Mayer.
246 18 - VARYING FORM OF TITLE
Title proper/short title Little Critter :
Remainder of title what a good kitty
250 ## - EDITION STATEMENT
Edition statement 1st ed.
260 ## - PUBLICATION, DISTRIBUTION, ETC.
Place of publication, distribution, etc. New York, NY :
Name of publisher, distributor, etc. Harper
Date of publication, distribution, etc. 2012.
300 ## - PHYSICAL DESCRIPTION
Extent 32 p.
Other physical details col. ill. ;
Dimensions 23 cm.
490 1# - SERIES STATEMENT
Series statement I can read!
500 ## - GENERAL NOTE
General note "My first shared reading."
500 ## - GENERAL NOTE
General note "Mercer Mayer's Little Critter"--Cover.
505 ## - FORMATTED CONTENTS NOTE
Formatted contents note D
520 ## - SUMMARY, ETC.
Summary, etc. Follows Little Critter's misadventures with a new pet kitty, who tangles up Mom's knitting, knocks over the trash and gets trapped high up in a tree before bravely protecting her family and hissing at a mean dog.
521 8# - TARGET AUDIENCE NOTE
Target audience note 170 <br/>
Source Lexile
521 8# - TARGET AUDIENCE NOTE
Target audience note D <br/>
Source Raz-Plus
600 00 - SUBJECT ADDED ENTRY--PERSONAL NAME
Personal name Little Critter
Titles and other words associated with a name (Fictitious character)
Form subdivision Juvenile fiction.
600 01 - SUBJECT ADDED ENTRY--PERSONAL NAME
Personal name Little Critter
Titles and other words associated with a name (Fictitious character)
Form subdivision Fiction.
650 #0 - SUBJECT ADDED ENTRY--TOPICAL TERM
Topical term or geographic name entry element Kittens
Form subdivision Juvenile fiction.
650 #0 - SUBJECT ADDED ENTRY--TOPICAL TERM
Topical term or geographic name entry element Cats
Form subdivision Juvenile fiction.
650 #1 - SUBJECT ADDED ENTRY--TOPICAL TERM
Topical term or geographic name entry element Cats
Form subdivision Fiction.
655 #0 - INDEX TERM--GENRE/FORM
Genre/form data or focus term Readers (Elementary)
830 #0 - SERIES ADDED ENTRY--UNIFORM TITLE
Uniform title I can read book.
906 ## - LOCAL DATA ELEMENT F, LDF (RLIN)
a 7
b cbc
c copycat
d 2
e epcn
f 20
g y-gencatlg
942 ## - ADDED ENTRY ELEMENTS (KOHA)
Source of classification or shelving scheme Dewey Decimal Classification
Koha item type Books
Suppress in OPAC No
Holdings
Withdrawn status Lost status Source of classification or shelving scheme Damaged status Not for loan Collection Home library Current library Shelving location Date acquired Total Checkouts Full call number Barcode Date last seen Date last checked out Price effective from Koha item type Date due Copy number
    Dewey Decimal Classification     Juvenile Fiction Footprints International School Library Network Toul Kork Campus Footprints International School Library Network Toul Kork Campus TK Primary Library Room(4th Floor), Bookcase 7, Shelves 57-60, Dark Green Books 03/06/2023 2 MAY 418 PZ7.M462 FISTK00849 01/12/2024 01/05/2024 03/06/2023 Books    
    Dewey Decimal Classification     Juvenile Fiction Footprints International School Library Network Toul Tom Poung Campus Footprints International School Library Network Toul Tom Poung Campus TTP Primary Green Bookshelves 03/31/2025 2 MAY 418 PZ7.M462 2025-0917 08/14/2025 08/14/2025 03/31/2025 Books 08/28/2025 2